[Event "Vlissingen HZ op 21st"]
[Site "Vlissingen"]
[Date "2017.08.05"]
[Round "1"]
[White "Ten Hertog, Hugo"]
[Black "Dittmar, Lars"]
[Result "1-0"]
[WhiteElo "2466"]
[BlackElo "1881"]
[PlyCount "57"]
[EventDate "2017.08.05"]
[EventType "swiss"]
[EventRounds "9"]
[EventCountry "NED"]
[SourceTitle "CBM 179 Extra"]
[Source "ChessBase"]
[SourceDate "2017.08.23"]
[SourceVersion "1"]
[SourceVersionDate "2017.08.23"]
[SourceQuality "1"]

1. b3 d5 2. Bb2 d4 3. Nf3 c5 4. e3 Bg4 5. exd4 cxd4 6. Bxd4 Nc6 7. Bb2 Nf6 8. Be2 e6 9. h3 Bh5 10. 0-0 Be7 11. d4 0-0 12. c4 Rc8 13. Nbd2 Qa5 14. a3 a6 15. b4 Qb6 16. Qb3 Rfd8 17. Rfe1 Bf8 18. Rad1 Rd7 19. d5 exd5 20. Bxf6 gxf6 21. cxd5 Ne7 22. Nc4 Qd8 23. d6 Nc6 24. Qe3 Rb8 25. Nd4 Bxe2 26. Nxc6 bxc6 27. Rxe2 Rbb7 28. Rde1 f5 29. Qg3+ 1-0

[Event "Karl Mala Memorial op-A 17th"]
[Site "Frankfurt"]
[Date "2014.08.01"]
[Round "3"]
[White "Dittmar, Lars"]
[Black "Krastev, Alexander"]
[Result "1-0"]
[WhiteElo "1821"]
[BlackElo "1590"]
[PlyCount "43"]
[EventDate "2014.07.31"]
[EventType "swiss"]
[EventRounds "7"]
[EventCountry "GER"]
[SourceTitle "EXT 2015"]
[Source "ChessBase"]
[SourceDate "2014.11.20"]
[SourceVersion "1"]
[SourceVersionDate "2014.11.20"]
[SourceQuality "1"]

1. e4 e5 2. Nf3 Nc6 3. Bb5 Nf6 4. d3 Bc5 5. c3 d6 6. Nbd2 a6 7. Ba4 b5 8. Bc2 0-0 9. Nf1 Ng4 10. d4 exd4 11. cxd4 Bb4+ 12. Bd2 Bxd2+ 13. Qxd2 d5 14. Ng3 dxe4 15. Bxe4 Re8 16. 0-0 Bb7 17. Rac1 Qd6 18. Qg5 Nf6 19. Nf5 Qf8 20. Bxc6 Bxc6 21. Rxc6 Ne4 22. Qg4 1-0

[Event "Karl Mala Memorial op-A 16th"]
[Site "Frankfurt"]
[Date "2013.07.14"]
[Round "7"]
[White "Haftmann, Rainer"]
[Black "Dittmar, Lars"]
[Result "1-0"]
[WhiteElo "1939"]
[BlackElo "1764"]
[PlyCount "117"]
[EventDate "2013.07.11"]
[EventType "swiss"]
[EventRounds "7"]
[EventCountry "GER"]
[SourceTitle "EXT 2014"]
[Source "ChessBase"]
[SourceDate "2013.11.20"]
[SourceVersion "1"]
[SourceVersionDate "2013.11.20"]
[SourceQuality "1"]

1. e4 c5 2. Nf3 Nc6 3. d4 cxd4 4. Nxd4 g6 5. Be3 Bg7 6. Nc3 Nf6 7. f3 d6 8. Qd2 Bd7 9. Bc4 a6 10. Bb3 Qc7 11. 0-0-0 Rc8 12. Kb1 b5 13. g4 Ne5 14. g5 Nh5 15. Nd5 Qb7 16. Qb4 Nc6 17. Nxc6 Bxc6 18. Bd4 0-0 19. Bxg7 Nxg7 20. h4 Bxd5 21. Bxd5 Qc7 22. Rh2 Nh5 23. Qd2 a5 24. a3 Rfd8 25. f4 e6 26. Ba2 d5 27. exd5 Qxf4 28. Rf2 Qxd2 29. Rfxd2 exd5 30. Rxd5 Rxd5 31. Rxd5 Re8 32. b4 axb4 33. axb4 Re4 34. Rxb5 Rxh4 35. Rb8+ Kg7 36. Rb7 Rf4 37. c4 Ng3 38. c5 Ne4 39. c6 Nd6 40. Rb8 h6 41. gxh6+ Kxh6 42. c7 Kg5 43. Kb2 f5 44. Ka3 Rf3+ 45. Ka4 Rf2 46. Bb3 Rf1 47. Ka5 Rc1 48. Kb6 Kf6 49. Bd5 Ke7 50. b5 g5 51. Bc6 g4 52. c8Q Nxc8+ 53. Rxc8 f4 54. Rg8 Rg1 55. Kc7 Kf7 56. Bd5+ Ke7 57. b6 Rc1+ 58. Bc6 f3 59. b7 1-0

[Event "Hessen-ch U18"]
[Site "Bad Homburg"]
[Date "2013.??.??"]
[Round "3"]
[White "Stuhlmann, Florian"]
[Black "Dittmar, Lars"]
[Result "1-0"]
[WhiteElo "1531"]
[BlackElo "1764"]
[PlyCount "85"]
[EventDate "2013.03.??"]
[EventType "swiss"]
[EventRounds "7"]
[EventCountry "GER"]
[SourceTitle "EXT 2014"]
[Source "ChessBase"]
[SourceDate "2013.11.20"]
[SourceVersion "1"]
[SourceVersionDate "2013.11.20"]
[SourceQuality "1"]

1. d4 Nf6 2. c4 e6 3. Nc3 Bb4 4. e3 0-0 5. Bd3 b6 6. Nf3 Bb7 7. Bd2 Nc6 8. 0-0 Re8 9. a3 Bxc3 10. Bxc3 d6 11. Nd2 e5 12. d5 Ne7 13. Qc2 c6 14. e4 Ng6 15. Rfe1 Rc8 16. a4 a5 17. Re3 Nf4 18. Bf1 Qc7 19. b3 Rcd8 20. Nf3 Bc8 21. Nh4 Bd7 22. Ra2 Rc8 23. Qd1 Bg4 24. f3 Bd7 25. g3 Ng6 26. Nxg6 fxg6 27. Rf2 c5 28. Be2 g5 29. Qf1 Re7 30. Bd3 Rce8 31. Re1 Nh5 32. Bd2 h6 33. f4 gxf4 34. gxf4 Rf8 35. f5 Be8 36. Re3 Kh7 37. Rh3 Nf6 38. Rg2 Rd7 39. Qc1 Ng8 40. Bc2 Kh8 41. Bd1 Nf6 42. Bxh6 gxh6 43. Qxh6+ 1-0

[Event "Hessen-ch U16"]
[Site "Bad Homburg"]
[Date "2012.??.??"]
[Round "8"]
[White "Dittmar, Lars"]
[Black "Hebbering, Tom Elliot"]
[Result "0-1"]
[WhiteElo "1764"]
[BlackElo "1931"]
[PlyCount "88"]
[EventDate "2012.04.??"]
[EventType "swiss"]
[EventRounds "9"]
[EventCountry "GER"]
[SourceTitle "EXT 2015"]
[Source "ChessBase"]
[SourceDate "2014.11.20"]
[SourceVersion "1"]
[SourceVersionDate "2014.11.20"]
[SourceQuality "1"]

1. e4 c5 2. Nf3 d6 3. d4 cxd4 4. Nxd4 Nf6 5. Nc3 a6 6. Be2 e6 7. 0-0 Be7 8. Be3 0-0 9. Bf3 Nc6 10. Nxc6 bxc6 11. e5 Nd5 12. exd6 Bxd6 13. Ne4 Nxe3 14. fxe3 Be5 15. c3 Qb6 16. Qe2 Rb8 17. b3 Bb7 18. Rac1 Qc7 19. g3 c5 20. c4 a5 21. Rcd1 a4 22. Ng5 h6 23. Bxb7 Rxb7 24. Ne4 axb3 25. axb3 Rxb3 26. Rb1 Rxe3 27. Qc2 Bd4 28. Nf2 Qe5 29. Rbd1 Re2 30. Rd2 Rxd2 31. Qxd2 Qe3 32. Qxe3 Bxe3 33. Kg2 Bxf2 34. Kxf2 Rb8 35. Ke3 Rb3+ 36. Ke4 Rc3 37. Rf2 Rxc4+ 38. Kd3 Rd4+ 39. Ke3 f5 40. Rc2 Re4+ 41. Kf3 c4 42. h4 Kf7 43. Rc3 g5 44. hxg5 hxg5 0-1

[Event "Hessen-ch U16"]
[Site "Bad Homburg"]
[Date "2012.??.??"]
[Round "5"]
[White "Wiewesiek, Timo"]
[Black "Dittmar, Lars"]
[Result "0-1"]
[WhiteElo "1635"]
[BlackElo "1764"]
[PlyCount "70"]
[EventDate "2012.04.??"]
[EventType "swiss"]
[EventRounds "9"]
[EventCountry "GER"]
[SourceTitle "EXT 2015"]
[Source "ChessBase"]
[SourceDate "2014.11.20"]
[SourceVersion "1"]
[SourceVersionDate "2014.11.20"]
[SourceQuality "1"]

1. e4 e5 2. d4 exd4 3. c3 dxc3 4. Bc4 d6 5. Qb3 Qe7 6. Nxc3 Nf6 7. Bg5 Nbd7 8. 0-0-0 Nc5 9. Qc2 Be6 10. Nd5 Bxd5 11. exd5 0-0-0 12. b4 Ncd7 13. Nf3 Ne5 14. Rhe1 Qd7 15. Rxe5 dxe5 16. Nxe5 Qe8 17. Qf5+ Kb8 18. Bxf6 gxf6 19. Qxf6 Be7 20. Qxf7 Bg5+ 21. f4 Qxe5 22. fxg5 Qc3+ 23. Kb1 Qxc4 24. Rc1 Qxb4+ 25. Ka1 Qd4+ 26. Kb1 Qb6+ 27. Ka1 Rdf8 28. Qg7 h6 29. Rb1 Qd6 30. Qb2 Qxd5 31. g6 Rhg8 32. g7 Rf7 33. Re1 Qc6 34. Qb3 Qf6+ 35. Kb1 Qb6 0-1

[Event "Karl Mala Memorial op 14th"]
[Site "Frankfurt"]
[Date "2011.07.10"]
[Round "6"]
[White "Fieberg, Samuel"]
[Black "Dittmar, Lars"]
[Result "1-0"]
[WhiteElo "1762"]
[BlackElo "1519"]
[PlyCount "59"]
[EventDate "2011.07.07"]
[EventType "swiss"]
[EventRounds "7"]
[EventCountry "GER"]
[SourceTitle "EXT 2012"]
[Source "ChessBase"]
[SourceDate "2011.11.24"]
[SourceVersion "1"]
[SourceVersionDate "2011.11.24"]
[SourceQuality "1"]

1. e4 c5 2. Nf3 d6 3. d4 cxd4 4. Nxd4 Nc6 5. Nc3 g6 6. Be2 Bg7 7. Be3 Nf6 8. 0-0 0-0 9. f4 e6 10. Kh1 a6 11. g4 Qc7 12. f5 exf5 13. exf5 Ne5 14. g5 Nfd7 15. f6 Bh8 16. Nd5 Qd8 17. Ne7+ Qxe7 18. fxe7 Re8 19. Nf3 Rxe7 20. Qxd6 Re6 21. Qd5 Nxf3 22. Rxf3 Bxb2 23. Raf1 Ne5 24. Qd8+ Kg7 25. Bd4 Bxd4 26. Qxd4 Kg8 27. Rf6 Nc6 28. Rxf7 Nxd4 29. Rf8+ Kg7 30. R1f7# 1-0

[Event "Karl Mala Memorial op 14th"]
[Site "Frankfurt"]
[Date "2011.07.09"]
[Round "5"]
[White "Dittmar, Lars"]
[Black "Baust, Guenter"]
[Result "0-1"]
[WhiteElo "1519"]
[BlackElo "1894"]
[PlyCount "44"]
[EventDate "2011.07.07"]
[EventType "swiss"]
[EventRounds "7"]
[EventCountry "GER"]
[SourceTitle "EXT 2012"]
[Source "ChessBase"]
[SourceDate "2011.11.24"]
[SourceVersion "1"]
[SourceVersionDate "2011.11.24"]
[SourceQuality "1"]

1. e4 c5 2. Nf3 Nc6 3. d4 cxd4 4. Nxd4 Nf6 5. Nc3 e6 6. Bc4 Bb4 7. Bg5 Qa5 8. 0-0 Qxg5 9. Ndb5 0-0 10. Bd3 a6 11. Na3 Bxc3 12. bxc3 b5 13. Kh1 Qc5 14. Nb1 d5 15. exd5 Qxd5 16. Qe2 Bb7 17. Rd1 Qg5 18. Nd2 Ne5 19. Be4 Nxe4 20. Nxe4 Qg6 21. Rd4 Bd5 22. a4 Nc6 0-1

[Event "Rhein Main op-B 14th"]
[Site "Bad Homburg"]
[Date "2011.06.22"]
[Round "1"]
[White "Schlemminger, Degenhard"]
[Black "Dittmar, Lars"]
[Result "1/2-1/2"]
[WhiteElo "1827"]
[BlackElo "1425"]
[PlyCount "99"]
[EventDate "2011.06.22"]
[EventType "swiss"]
[EventRounds "7"]
[EventCountry "GER"]
[SourceTitle "EXT 2012"]
[Source "ChessBase"]
[SourceDate "2011.11.24"]
[SourceVersion "1"]
[SourceVersionDate "2011.11.24"]
[SourceQuality "1"]

1. e4 c5 2. Nf3 d6 3. Bb5+ Bd7 4. Qe2 Nc6 5. c3 Nf6 6. 0-0 e6 7. d4 cxd4 8. Nxd4 Be7 9. Nd2 0-0 10. Nxc6 Bxc6 11. Bxc6 bxc6 12. Nf3 d5 13. exd5 cxd5 14. Nd4 Bd6 15. Bg5 e5 16. Nc6 Qe8 17. Bxf6 Qxc6 18. Qg4 g6 19. Rfe1 Rfe8 20. Qg5 Qb7 21. Qh6 Bf8 22. Qd2 Bg7 23. Bxg7 Kxg7 24. b3 Rac8 25. Rac1 f6 26. f3 Re7 27. h3 Rec7 28. Kh2 Rc5 29. Red1 Qb8 30. g3 a5 31. h4 Qd6 32. c4 d4 33. Qd3 f5 34. Rf1 Re8 35. Rcd1 Re7 36. f4 e4 37. Qxd4+ Qxd4 38. Rxd4 a4 39. b4 Rc8 40. a3 e3 41. Re1 e2 42. c5 Re3 43. Rd2 Rxa3 44. Rexe2 Rb3 45. Rb2 Rb8 46. c6 R8xb4 47. Rxb3 axb3 48. Re7+ Kh6 49. Rb7 Rc4 50. Rxb3 1/2-1/2

[Event "Karl Mala Memorial op 13th"]
[Site "Frankfurt"]
[Date "2010.07.09"]
[Round "2"]
[White "Dittmar, Lars"]
[Black "Heymann, Marianne"]
[Result "0-1"]
[WhiteElo "1299"]
[BlackElo "1784"]
[PlyCount "56"]
[EventDate "2010.07.08"]
[EventType "swiss"]
[EventRounds "7"]
[EventCountry "GER"]
[SourceTitle "EXT 2012"]
[Source "ChessBase"]
[SourceDate "2011.11.24"]
[SourceVersion "1"]
[SourceVersionDate "2011.11.24"]
[SourceQuality "1"]

1. e4 d6 2. d4 Nf6 3. Nc3 e5 4. dxe5 dxe5 5. Qxd8+ Kxd8 6. Bg5 c6 7. Nf3 Nbd7 8. 0-0-0 Ke8 9. Bc4 Bc5 10. Rhf1 Ng4 11. Bh4 f6 12. h3 Nh6 13. Na4 Be7 14. Be6 b5 15. Nc3 a5 16. g4 Ra7 17. g5 Nf7 18. Rg1 Nd8 19. gxf6 gxf6 20. Bxd7+ Rxd7 21. Rxd7 Bxd7 22. Rg7 Ne6 23. Rg1 Nf4 24. Rg7 Ng6 25. Bg3 Bxh3 26. Nh4 Kf8 27. Nxg6+ hxg6 28. Rxg6 Kf7 0-1

[Event "GER-chT WK U18 4th"]
[Site "Kiel"]
[Date "2008.06.01"]
[Round "6.3"]
[White "Sieber, Martin1"]
[Black "Dittmar, Lars"]
[Result "1-0"]
[WhiteElo "1307"]
[BlackElo "1084"]
[PlyCount "69"]
[EventDate "2008.05.31"]
[EventType "team-swiss"]
[EventRounds "7"]
[EventCountry "GER"]
[SourceTitle "EXT 2010"]
[Source "ChessBase"]
[SourceDate "2010.11.25"]
[SourceVersion "1"]
[SourceVersionDate "2010.11.25"]
[SourceQuality "1"]

1. e4 c5 2. Nf3 e6 3. d4 cxd4 4. Nxd4 d5 5. e5 Bc5 6. c3 Bd7 7. Be3 Ne7 8. Nxe6 Bxe6 9. Bxc5 Nbc6 10. Bb5 a6 11. Bxc6+ Nxc6 12. Qe2 Qc7 13. Bd6 Qd7 14. Nd2 d4 15. c4 d3 16. Qe3 a5 17. a3 Qc8 18. Qxd3 Ra6 19. Qe3 a4 20. c5 Qd8 21. 0-0 b6 22. Qd3 Bc8 23. Qb5 Bb7 24. Nf3 Ra5 25. Qxb6 Qxb6 26. cxb6 Rb5 27. Bc7 Rxb2 28. Rfe1 0-0 29. e6 fxe6 30. Rxe6 Na5 31. Be5 Re2 32. Re7 Bxf3 33. Rxg7+ Kh8 34. Rg5+ Rf6 35. Bxf6# 1-0

[Event "GER-chT WK U18 4th"]
[Site "Kiel"]
[Date "2008.05.31"]
[Round "3.2"]
[White "Dittmar, Lars"]
[Black "Duessler, Stefanie"]
[Result "0-1"]
[WhiteElo "1084"]
[BlackElo "1426"]
[PlyCount "52"]
[EventDate "2008.05.31"]
[EventType "team-swiss"]
[EventRounds "7"]
[EventCountry "GER"]
[SourceTitle "EXT 2010"]
[Source "ChessBase"]
[SourceDate "2010.11.25"]
[SourceVersion "1"]
[SourceVersionDate "2010.11.25"]
[SourceQuality "1"]

1. e4 e5 2. Nf3 Nc6 3. Bb5 a6 4. Ba4 Nf6 5. d3 Bc5 6. c3 b5 7. Bc2 d5 8. Qe2 d4 9. 0-0 Bg4 10. h3 Bh5 11. a3 Qd7 12. b4 Bb6 13. Bb2 0-0 14. Re1 dxc3 15. Nxc3 Nd4 16. Qd2 Bxf3 17. a4 Bh5 18. a5 Ba7 19. Bd1 Bxd1 20. Qxd1 c5 21. bxc5 Bxc5 22. Qd2 Nb3 23. Qg5 Nxa1 24. Rxa1 Bd4 25. Nd5 Nxd5 26. Bxd4 f6 0-1